| 000 | 01360nam a2200205Ia 4500 | ||
|---|---|---|---|
| 003 | Ost | ||
| 005 | 20260507075032.0 | ||
| 008 | 260507s9999||||xx |||||||||||||| ||und|| | ||
| 040 | _cfsecg | ||
| 041 | _aara | ||
| 082 | _a330 | ||
| 100 |
_aعبد الرحيم، عاطف جابر طه _eمؤلف |
||
| 245 | 0 |
_aدراسات الجدوى : _bالتأصيل العلمي والتطبيق العملي / _c عاطف جابر طه عبد الرحيم |
|
| 260 |
_aالإسكندرية: _bالدار الجامعية, _c2003 |
||
| 300 |
_a549 صفحة؛ _bإيضاحات ؛ _c24 سم |
||
| 520 | _aالمقدمات المنطقية لدراسات الجدوى- دراسات الجدوى البيانية- دراسات الجدوى التسويقية- دراسات الجدوى الفنية والهندسية- التقييم المالي للمشروعات الإستثمارية- الجدوى المالية- التقييم الإقتصادي للمشروع في إطار الظروف الإقتصادية- دراسات الجدوى وسياسة التوزيع الأمثل- تنفيذ دراسات الجدوى وقياس إنتاجية الإستثمار- الدراسة القومية (دراسة تقييم الربحية الإجتماعية) | ||
| 653 | _aالمشروعات- الإستثمار | ||
| 653 | _aدراسة الجدوى | ||
| 942 | _cكتاب | ||
| 999 |
_c42418 _d42418 |
||